Стряха (Запис номер 139090)
[ съкратено ]
| 000 -Лидер | |
|---|---|
| Контролно поле с фиксирана дължина | 01355nam a2200313 c 4500 |
| 003 - Код на организацията, давaща контролен номер | |
| Контролно поле | BLK |
| 005 - Дата и час на последна редакция | |
| Контролно поле | 20180422112200.0 |
| 008 - Елементи от данни с фиксирана дължина | |
| fixed length control field | 180409b bul|||||r ||||||| ||bul|| |
| 010 ## - Наследен системен номер | |
| LC control number | KNG00145106000 |
| 040 ## - Източник на каталожния запис | |
| Идентификатор на билиотеката - собственик на записа | BLK |
| 041 ## - Код за език | |
| Код за езика на текст/звукозапис или на отделно заглавие | Български |
| Код за езика КДБФ | Български |
| 080 ## - УДК | |
| Текстов определител УДК | Българска литература |
| УДК код - определител по УДК | 821.163.2 |
| УДК определител | -93-32 |
| УДК - код + определител | 821.163.2-93-32 |
| 100 1# - Редна дума - Автор | |
| Автор | Донков, Славчо Александров |
| Авторска отговорност | първи автор |
| R(LIN) | 298651 |
| 139 ## - Редно поле | |
| Редна дума | Донков, Славчо Александров |
| Авторски знак | Дон - Д 77 |
| 245 10 - Сведения за заглавието | |
| Заглавие | Стряха |
| Подзаглавни данни | Разкази за животни : За деца |
| Редно поле (дума) | Славчо Александров Донков; худож. Александър Георгиев Алексов. |
| 257 ## - Страна на издаване | |
| Страна на създаване/издаване | България |
| 260 ## - Област на издателските данни | |
| -- | София |
| Име на издателя, разпространителя и проч. | Отечество |
| Година на издаване | 1982 |
| Печатница | В. Търново : Д. Найденов |
| 300 ## - Физическа характеристика | |
| Страници | 143 с. |
| Илюстрации и др. | с ил. |
| Размери/Мащаб | 20 см |
| 380 ## - Жанр | |
| Жанр | Детска худож. лит. |
| 500 ## - Общи забележки | |
| Забележка | 25 115 тир. |
| 653 ## - Ключова дума – ненормативна | |
| Ключова дума | детска литература |
| 653 ## - Ключова дума – ненормативна | |
| Ключова дума | литература за деца |
| 700 1# - Други автори (авторска отговорност) | |
| Лично име | Алексов, Александър Георгиев |
| Автороска отговорност (Описва отношението между автора и произведението) | худож. |
| 9 (RLIN) | 378024 |
| 852 ## - Местоположение | |
| Форматна сигнатура | Цб 260473 |
| 856 4# - Електронен адрес и достъп | |
| Електронен формат | pdf - файл |
| Път до файла /url/ | |
| 856 4# - Електронен адрес и достъп | |
| Електронен формат | pdf - файл |
| Път до файла /url/ | |
| 942 ## - АРТИКУЛИ | |
| Вид на библиотечния материал | Книги |
| Скрит в OPAC | Не |
| 944 ## - СЪЗДАВАНЕ И РЕДАКЦИЯ на ЗАПИСА | |
| Създаване/Редакция | Създаване |
| Дата на регистрацията/редакция | 08.07.2013 |
| Статус, дата на статуса | 08.07.2013 - от С1,Р / 08.07.2013 |
| Служител, извършил регистрацията/редакцията | Полина_Златанова |
| 944 ## - СЪЗДАВАНЕ И РЕДАКЦИЯ на ЗАПИСА | |
| Създаване/Редакция | Редакция |
| Дата на регистрацията/редакция | 18.09.2017 |
| Статус, дата на статуса | 08.07.2013 - от С1,Р / 08.07.2013 |
| Служител, извършил регистрацията/редакцията | Христина_Везирева |
| 999 ## - СИСТЕМНИ КОНТРОЛНИ НОМЕРА | |
| Koha biblionumber | 139090 |
| Koha biblioitemnumber | 139090 |
| Код за отписване | Код за изгубен артикул | Източник на класификационната схема | Код за повреда | Коз за рестрикции | Код за отдаване | Артикулен № | Име на библиотеката - собственик | Име на библиотеката, в която се намира в момента | Статус (Текущо местоположение) | Дата на вписване в системата | Местоположение - отдел | Цена в лева | Инвентарен номер | Систематично азбучна сигнатура | Баркод | Номер на екземпляра | Цена в евро | Служебна бележка | Служебен тип на артикула | Бележка за публиката |
|---|---|---|---|---|---|---|---|---|---|---|---|---|---|---|---|---|---|---|---|---|
| Не е изгубен | Universal Decimal Classification | Не е повреден | без рестрикции | ползва се в читалня | 227488 | Регионална библиотека "Любен Каравелов" Русе | Регионална библиотека "Любен Каравелов" Русе | Хранилище | 1982-01-01 | Хранилище | 0.52 | 356232 | Цб 260473 | 120000356232 | 1 | 0.27 | N: стар фонд Дата: 01.01.1982 | Книги | ||
| Изтеглен | Не е изгубен | Не е повреден | без рестрикции | заемане за дома | 227489 | Регионална библиотека "Любен Каравелов" Русе | Регионална библиотека "Любен Каравелов" Русе | 1982-01-01 | Детски отдел | 0.52 | 353982 | ДХ 886.7/Д 77 | 353982 | 2 | 0.27 | N: стар фонд Дата: 01.01.1982 Дата инв: 01.09.2015 Бележки инв: Д2015 | Книги | Отч.N: 28/2017 , Дата: 16.08.2017 | ||
| Изтеглен | Не е изгубен | Universal Decimal Classification | Не е повреден | без рестрикции | заемане за дома | 227490 | Регионална библиотека "Любен Каравелов" Русе | Регионална библиотека "Любен Каравелов" Русе | Детски отдел | 1982-01-01 | Детски отдел | 0.52 | 353983 | ДХ 886.7/Д 77 | 353983 | 3 | 0.27 | N: стар фонд Дата: 01.01.1982 Дата инв: 01.09.2015 Бележки инв: Д2015 | Книги | |
| Изтеглен | Не е изгубен | Не е повреден | без рестрикции | заемане за дома | 227491 | Регионална библиотека "Любен Каравелов" Русе | Регионална библиотека "Любен Каравелов" Русе | 1982-01-01 | Детски отдел | 0.52 | 353986 | ДХ 886.7/Д 77 | 353986 | 4 | 0.27 | N: стар фонд Дата: 01.01.1982 Дата инв: 01.09.2015 Бележки инв: Д2015 | Книги | Отч.N: 32/2017 , Дата: 04.09.2017 |